=LDR 00000nam 2200000 4500 =001 INLIS000000000040499 =005 20130612150049 =008 ***********************************ind** =035 ##$$0010-061300000040499 =041 ##$$a ind =082 ##$$a 650.1 =090 ##$$a 650.1, Sla m =100 ##$$a Slaunwhiter, Steve =245 ##$$a Memulai dan menjalankan bisnis copywriting, Steve Slaunwhite; Alih bahasa, Herman Tertaatmadja =260 ##$$a 2005 $b Jakarta =300 ##$$a Xi, 198 hlm, ilus, 30 cm =650 ##$$a Bisnis (Percetakan) =700 ##$$a Tirtaatmadja, Herman =850 ##$$a NBPNMAT